| 000 | 00661nam a2200217 a 4500 | ||
|---|---|---|---|
| 001 | BRCA_7550 | ||
| 005 | 20190320205902.0 | ||
| 008 | 010613s1945----ag-a######---#000-0#spa-# | ||
| 041 | _aspa | ||
| 044 | _aag | ||
| 050 | 4 |
_aNK7131 _b.T67 1945 |
|
| 100 | 1 |
_aTorre Revello, José _918621 |
|
| 245 | 1 | 0 |
_aLa orfebrería colonial en Hispanoamérica y particularmente en Buenos Aires _cpor José Torre Revello. |
| 260 |
_aBuenos Aires _bHuarpes _c1945 |
||
| 300 |
_a111 p. _bil., 12 láminas _c18 cm. |
||
| 500 | _aS29 | ||
| 650 | 1 | 4 |
_aOrfebrería _zBuenos Aires, Argentina _918622 |
| 650 | 1 | 4 |
_aOrfebrería _xHispanoamérica _918623 |
| 902 | _aGFM | ||
| 942 |
_2lcc _cB |
||
| 999 |
_c7224 _d7224 |
||